书目信息 |
| 题名: |
病毒性肝炎问题解答
|
|
| 作者: | 盛家锷 编 | |
| 分册: | ||
| 出版信息: | 南京 江苏科学技术出版社 1983 |
|
| 页数: | 41页 | |
| 开本: | 19cm | |
| 丛书名: | ||
| 单 册: | ||
| 中图分类: | R512.6 | |
| 科图分类: | ||
| 主题词: | 病毒性肝炎--问答 | |
| 电子资源: | ||
| ISBN: | ||
| 000 | 00643nam0 2200241 45 | |
| 001 | 0183006800 | |
| 005 | 20040524103917.3 | |
| 010 | @dCNY0.16 | |
| 091 | @a14196.123 | |
| 100 | @a19950601d1983 em y0chiy0121 ea | |
| 101 | 0 | @achi |
| 102 | @aCN@b320000 | |
| 105 | @ay z 000yy | |
| 106 | @ar | |
| 200 | 10 | @a病毒性肝炎问题解答@Abing du xing gan yan wen ti jie da@f盛家锷编 |
| 210 | @a南京@c江苏科学技术出版社@d1983 | |
| 215 | @a41页@d19cm | |
| 606 | @a病毒性肝炎@x问答 | |
| 690 | @aR512.6@v3 | |
| 701 | 0 | @a盛家锷@Asheng jia e@4编 |
| 801 | 0 | @aCN@b上海图书馆@c20040524 |
| 801 | 2 | @aCN@bNLC@c20040524 |
| 905 | @f1@b117152@dR512.6@e18 | |
| 病毒性肝炎问题解答/盛家锷编.-南京:江苏科学技术出版社,1983 |
| 41页;19cm |
| ISBN :CNY0.16 |
| ● |
| 相关链接 |
|
|
|
|
正题名:病毒性肝炎问题解答
索取号:R512.6/18
 
预约/预借
| 序号 | 登录号 | 条形码 | 馆藏地/架位号 | 状态 | 备注 |
| 1 | 0117152 | 000715088 | 第三借阅区/ [索取号:R512.6/18] | 在馆 | |
| 2 | 0117153 | 000715079 | 第二样本阅览室/ [索取号:R512.6/18] | 在馆 |